| 000 | 00536nam a2200193Ia 4500 | ||
|---|---|---|---|
| 003 | IN-BaIIA | ||
| 008 | 211028s9999 xx 000 0 eng d | ||
| 040 | _cIIA Library | ||
| 080 |
_a62 _bOBR |
||
| 100 |
_aO'Brien, Robert _911086 |
||
| 245 | 0 |
_aMachines _cRobert O'Brien |
|
| 260 |
_aNew York _bTime-Life Books _c1972 |
||
| 300 | _a200p. | ||
| 650 |
_aMachine Design _911087 |
||
| 650 | _aMachine Tools | ||
| 650 |
_aMechanical Engineering _9667 |
||
| 650 | _aNASA Thesaurus | ||
| 942 | _cBK | ||
| 999 |
_c6460 _d6460 |
||